000
00315nam a2200109Ia 4500
008
201231s9999 xx 000 0 und d
100
_a
Mowery, David C. and Rosenberg, Nathan
245
0
_a
Technology and the Pursuit of Economic Growth
260
_a
New York
_b
Cambridge University Press
300
_a
330
942
_c
BK
999
_c
9117
_d
9117